[Event "Rapid Tournament (RAP)"]
[Site "Biel, CH"]
[Date "2025.07.13"]
[Round "8"]
[White "Peter, Raymond"]
[Black "Dalay, Hakki Dogan"]
[Result "0-1"]
[Board "35"]
[WhiteFideId "1308890"]
[BlackFideId "1364782"]
[WhiteElo "1968"]
[BlackElo "1795"]
[WhiteTeam "SUI"]
[BlackTeam "SUI"]
[WhiteClock "0:11:47"]
[BlackClock "0:04:57"]
[Variant "Standard"]

1. e4 {[%clk 0:15:08]}  e6 {[%clk 0:14:57]} 2. d4 {[%clk 0:15:05]}  d5 {[%clk 0:15:01]} 3. exd5 {[%clk 0:15:14]}  exd5 {[%clk 0:15:06]} 4. Nf3 {[%clk 0:15:16]}  Nf6 {[%clk 0:14:57]} 5. Bg5 {[%clk 0:15:08]}  Be7 {[%clk 0:15:00]} 6. Bd3 {[%clk 0:15:05]}  Bg4 {[%clk 0:14:55]} 7. O-O {[%clk 0:15:00]}  O-O {[%clk 0:14:49]} 8. Bxf6 {[%clk 0:15:00]}  Bxf6 {[%clk 0:14:52]} 9. c3 {[%clk 0:14:49]}  Re8 {[%clk 0:14:45]} 10. h3 {[%clk 0:15:07]}  Bh5 {[%clk 0:14:46]} 11. g4 {[%clk 0:15:10]}  Bg6 {[%clk 0:14:44]} 12. Bxg6 {[%clk 0:15:13]}  hxg6 {[%clk 0:14:47]} 13. Nbd2 {[%clk 0:15:16]}  Nd7 {[%clk 0:14:17]} 14. g5 {[%clk 0:15:12]}  Bxg5 {[%clk 0:13:58]} 15. Nxg5 {[%clk 0:15:15]}  Qxg5+ {[%clk 0:14:01]} 16. Kh1 {[%clk 0:15:13]}  Qf5 {[%clk 0:13:37]} 17. Qf3 {[%clk 0:15:12]}  Qxf3+ {[%clk 0:11:22]} 18. Nxf3 {[%clk 0:15:15]}  Re2 {[%clk 0:11:26]} 19. Rab1 {[%clk 0:15:12]}  Nf6 {[%clk 0:11:24]} 20. Kg2 {[%clk 0:15:11]}  Nh5 {[%clk 0:10:59]} 21. Rfe1 {[%clk 0:15:02]}  Rae8 {[%clk 0:11:02]} 22. Ne5 {[%clk 0:14:58]}  Rxe1 {[%clk 0:11:04]} 23. Rxe1 {[%clk 0:15:00]}  f6 {[%clk 0:11:08]} 24. Nf3 {[%clk 0:15:01]}  Rxe1 {[%clk 0:10:57]} 25. Nxe1 {[%clk 0:15:04]}  Nf4+ {[%clk 0:11:01]} 26. Kh2 {[%clk 0:13:54]}  Kf7 {[%clk 0:10:15]} 27. Kg3 {[%clk 0:13:56]}  Ne2+ {[%clk 0:10:16]} 28. Kf3 {[%clk 0:13:57]}  Nc1 {[%clk 0:10:13]} 29. a3 {[%clk 0:13:33]}  Nb3 {[%clk 0:10:09]} 30. Ke3 {[%clk 0:13:32]}  Na5 {[%clk 0:10:09]} 31. Nd3 {[%clk 0:13:30]}  Nc4+ {[%clk 0:09:55]} 32. Ke2 {[%clk 0:13:23]}  b6 {[%clk 0:09:48]} 33. a4 {[%clk 0:13:17]}  g5 {[%clk 0:07:06]} 34. b3 {[%clk 0:13:09]}  Na5 {[%clk 0:06:15]} 35. b4 {[%clk 0:12:51]}  Nb7 {[%clk 0:05:47]} 36. b5 {[%clk 0:12:04]}  Na5 {[%clk 0:04:51]} 37. Nb4 {[%clk 0:12:03]}  Ke6 {[%clk 0:04:53]} 38. Nc6 {[%clk 0:12:06]}  Nxc6 {[%clk 0:04:55]} 39. bxc6 {[%clk 0:11:58]}  Kd6 {[%clk 0:04:59]} 40. Kf3 {[%clk 0:11:44]}  Kxc6 {[%clk 0:04:59]} 41. Kg4 {[%clk 0:11:47]}  g6 {[%clk 0:04:57]} 0-1

[Event "Rapid Tournament (RAP)"]
[Site "Biel, CH"]
[Date "2025.07.13"]
[Round "8"]
[White "Corbat, Philippe"]
[Black "Rajendran, Ishaan"]
[Result "0-1"]
[Board "36"]
[WhiteFideId "1304496"]
[BlackFideId "39910032"]
[WhiteElo "1957"]
[BlackElo "1725"]
[WhiteTeam "SUI"]
[BlackTeam "USA"]
[WhiteClock "0:00:16"]
[BlackClock "0:01:16"]
[Variant "Standard"]

1. e4 {[%clk 0:15:07]}  c6 {[%clk 0:15:09]} 2. d4 {[%clk 0:15:09]}  d5 {[%clk 0:15:12]} 3. f3 {[%clk 0:15:12]}  dxe4 {[%clk 0:15:16]} 4. fxe4 {[%clk 0:15:14]}  e5 {[%clk 0:15:19]} 5. Nf3 {[%clk 0:15:13]}  Bg4 {[%clk 0:15:23]} 6. c3 {[%clk 0:15:15]}  exd4 {[%clk 0:14:59]} 7. Bc4 {[%clk 0:15:09]}  Bxf3 {[%clk 0:14:22]} 8. Qxf3 {[%clk 0:15:06]}  Qh4+ {[%clk 0:13:39]} 9. g3 {[%clk 0:14:41]}  Qf6 {[%clk 0:13:30]} 10. O-O {[%clk 0:11:06]}  Qxf3 {[%clk 0:10:14]} 11. Rxf3 {[%clk 0:14:19]}  Nf6 {[%clk 0:10:17]} 12. cxd4 {[%clk 0:13:18]}  Be7 {[%clk 0:09:48]} 13. Nc3 {[%clk 0:12:56]}  O-O {[%clk 0:09:38]} 14. e5 {[%clk 0:12:31]}  Nfd7 {[%clk 0:09:30]} 15. Be3 {[%clk 0:11:58]}  c5 {[%clk 0:06:00]} 16. e6 {[%clk 0:09:20]}  cxd4 {[%clk 0:08:20]} 17. Bxd4 {[%clk 0:08:20]}  Nc6 {[%clk 0:08:04]} 18. Nd5 {[%clk 0:04:33]}  Nxd4 {[%clk 0:06:59]} 19. Nxe7+ {[%clk 0:04:33]}  Kh8 {[%clk 0:07:02]} 20. Rd3 {[%clk 0:02:51]}  Ne2+ {[%clk 0:07:06]} 21. Kf2 {[%clk 0:02:56]}  Ne5 {[%clk 0:07:10]} 22. Kxe2 {[%clk 0:02:28]}  Nxd3 {[%clk 0:07:12]} 23. Kxd3 {[%clk 0:01:48]}  Rae8 {[%clk 0:06:59]} 24. Nf5 {[%clk 0:01:34]}  fxe6 {[%clk 0:06:57]} 25. Ne3 {[%clk 0:01:33]}  e5 {[%clk 0:06:52]} 26. Rf1 {[%clk 0:01:12]}  e4+ {[%clk 0:06:38]} 27. Kd4 {[%clk 0:01:08]}  Rf3 {[%clk 0:05:11]} 28. Be2 {[%clk 0:01:12]}  Rxf1 {[%clk 0:05:14]} 29. Bxf1 {[%clk 0:01:14]}  Rd8+ {[%clk 0:05:06]} 30. Kxe4 {[%clk 0:00:58]}  Rd2 {[%clk 0:05:10]} 31. Nc4 {[%clk 0:00:52]}  Rxh2 {[%clk 0:05:11]} 32. Bd3 {[%clk 0:00:47]}  b5 {[%clk 0:05:04]} 33. Nd6 {[%clk 0:00:49]}  Rxb2 {[%clk 0:05:04]} 34. Bxb5 {[%clk 0:00:36]}  Rxa2 {[%clk 0:05:07]} 35. Nf7+ {[%clk 0:00:37]}  Kg8 {[%clk 0:05:04]} 36. Bc4 {[%clk 0:00:19]}  Ra4 {[%clk 0:05:07]} 37. Nd6+ {[%clk 0:00:21]}  Kf8 {[%clk 0:05:11]} 38. Ke5 {[%clk 0:00:22]}  Ra3 {[%clk 0:04:18]} 39. g4 {[%clk 0:00:24]}  a5 {[%clk 0:04:16]} 40. Nb7 {[%clk 0:00:23]}  a4 {[%clk 0:04:09]} 41. Nc5 {[%clk 0:00:22]}  Ra1 {[%clk 0:03:59]} 42. Ne6+ {[%clk 0:00:15]}  Ke7 {[%clk 0:03:55]} 43. Ng5 {[%clk 0:00:18]}  a3 {[%clk 0:03:39]} 44. Nxh7 {[%clk 0:00:21]}  a2 {[%clk 0:03:41]} 45. Bxa2 {[%clk 0:00:18]}  Rxa2 {[%clk 0:03:45]} 46. Kf5 {[%clk 0:00:17]}  Ra6 {[%clk 0:03:42]} 47. Ng5 {[%clk 0:00:15]}  g6+ {[%clk 0:03:42]} 48. Kf4 {[%clk 0:00:19]}  Ra5 {[%clk 0:03:39]} 49. Nh7 {[%clk 0:00:20]}  Kd6 {[%clk 0:02:41]} 50. Ke4 {[%clk 0:00:16]}  g5 {[%clk 0:01:16]} 0-1

[Event "Rapid Tournament (RAP)"]
[Site "Biel, CH"]
[Date "2025.07.13"]
[Round "8"]
[White "Grzeskowiak, Antoni"]
[Black "Wiesmann, Dominique"]
[Result "1-0"]
[Board "37"]
[WhiteFideId "41855531"]
[BlackFideId "1308262"]
[WhiteElo "1801"]
[BlackElo "1978"]
[WhiteTeam "POL"]
[BlackTeam "SUI"]
[WhiteClock "0:10:29"]
[BlackClock "0:05:29"]
[Variant "Standard"]

1. d4 {[%clk 0:15:09]}  Nf6 {[%clk 0:15:06]} 2. Nf3 {[%clk 0:15:12]}  d5 {[%clk 0:15:08]} 3. Bf4 {[%clk 0:15:15]}  c5 {[%clk 0:15:04]} 4. e3 {[%clk 0:15:03]}  Nc6 {[%clk 0:15:04]} 5. c3 {[%clk 0:15:06]}  Qb6 {[%clk 0:14:52]} 6. Qb3 {[%clk 0:15:06]}  c4 {[%clk 0:14:55]} 7. Qc2 {[%clk 0:15:11]}  Bf5 {[%clk 0:14:39]} 8. Qc1 {[%clk 0:15:14]}  Nh5 {[%clk 0:13:38]} 9. Bg5 {[%clk 0:15:08]}  h6 {[%clk 0:13:34]} 10. Bh4 {[%clk 0:15:11]}  g5 {[%clk 0:13:37]} 11. Bg3 {[%clk 0:15:13]}  Bg7 {[%clk 0:13:03]} 12. Be2 {[%clk 0:15:15]}  Nxg3 {[%clk 0:13:06]} 13. hxg3 {[%clk 0:15:18]}  a5 {[%clk 0:12:56]} 14. Nbd2 {[%clk 0:15:11]}  Qc7 {[%clk 0:12:26]} 15. a4 {[%clk 0:14:50]}  e5 {[%clk 0:12:42]} 16. dxe5 {[%clk 0:14:48]}  Nxe5 {[%clk 0:12:45]} 17. Nxe5 {[%clk 0:14:51]}  Qxe5 {[%clk 0:12:49]} 18. Nf3 {[%clk 0:14:52]}  Qe4 {[%clk 0:12:34]} 19. O-O {[%clk 0:14:40]}  Qe7 {[%clk 0:11:40]} 20. Nd4 {[%clk 0:14:33]}  Bd7 {[%clk 0:11:44]} 21. Bf3 {[%clk 0:13:30]}  Bc6 {[%clk 0:11:48]} 22. Nf5 {[%clk 0:13:29]}  Qf6 {[%clk 0:11:47]} 23. Nxg7+ {[%clk 0:13:24]}  Qxg7 {[%clk 0:11:50]} 24. Qc2 {[%clk 0:13:03]}  O-O {[%clk 0:11:39]} 25. Rad1 {[%clk 0:12:56]}  Rad8 {[%clk 0:11:20]} 26. Rd4 {[%clk 0:12:59]}  Rd6 {[%clk 0:11:04]} 27. Rfd1 {[%clk 0:13:02]}  Rfd8 {[%clk 0:11:07]} 28. b3 {[%clk 0:12:13]}  cxb3 {[%clk 0:10:50]} 29. Qxb3 {[%clk 0:12:17]}  Qe5 {[%clk 0:10:31]} 30. Qa3 {[%clk 0:10:40]}  f5 {[%clk 0:07:36]} 31. c4 {[%clk 0:11:26]}  g4 {[%clk 0:06:52]} 32. Bxd5+ {[%clk 0:11:27]}  Bxd5 {[%clk 0:06:40]} 33. Rxd5 {[%clk 0:11:18]}  Rxd5 {[%clk 0:06:57]} 34. cxd5 {[%clk 0:11:21]}  Rd6 {[%clk 0:06:53]} 35. Qc5 {[%clk 0:11:09]}  b6 {[%clk 0:06:57]} 36. Qc7 {[%clk 0:10:26]}  Rxd5 {[%clk 0:05:29]} 37. Qc4 {[%clk 0:10:29]} 1-0

[Event "Rapid Tournament (RAP)"]
[Site "Biel, CH"]
[Date "2025.07.13"]
[Round "8"]
[White "Birchmeier, Martin"]
[Black "Binggeli, Christian"]
[Result "1/2-1/2"]
[Board "38"]
[WhiteFideId "1318268"]
[BlackFideId "1307622"]
[WhiteElo "1779"]
[BlackElo "1963"]
[WhiteTeam "SUI"]
[BlackTeam "SUI"]
[WhiteClock "0:00:26"]
[BlackClock "0:00:23"]
[Variant "Standard"]

1. d4 {[%clk 0:00:00]}  f5 {[%clk 0:15:05]} 2. Bf4 {[%clk 0:15:06]}  Nf6 {[%clk 0:15:07]} 3. e3 {[%clk 0:15:05]}  g6 {[%clk 0:15:10]} 4. Bd3 {[%clk 0:14:55]}  Bg7 {[%clk 0:15:14]} 5. Nd2 {[%clk 0:14:48]}  O-O {[%clk 0:15:14]} 6. Ne2 {[%clk 0:14:28]}  d6 {[%clk 0:14:56]} 7. c3 {[%clk 0:14:23]}  h6 {[%clk 0:13:37]} 8. Qc2 {[%clk 0:12:38]}  b6 {[%clk 0:12:57]} 9. h4 {[%clk 0:12:01]}  Ba6 {[%clk 0:11:57]} 10. e4 {[%clk 0:10:45]}  Bxd3 {[%clk 0:09:57]} 11. Qxd3 {[%clk 0:10:48]}  e6 {[%clk 0:09:45]} 12. e5 {[%clk 0:09:49]}  dxe5 {[%clk 0:08:58]} 13. Bxe5 {[%clk 0:09:51]}  Nbd7 {[%clk 0:08:23]} 14. f4 {[%clk 0:07:47]}  Ng4 {[%clk 0:07:15]} 15. Qf3 {[%clk 0:07:12]}  c5 {[%clk 0:06:08]} 16. Bxg7 {[%clk 0:06:40]}  Kxg7 {[%clk 0:06:08]} 17. O-O-O {[%clk 0:06:42]}  Qc7 {[%clk 0:04:29]} 18. Kb1 {[%clk 0:06:34]}  Ndf6 {[%clk 0:04:11]} 19. dxc5 {[%clk 0:06:36]}  Qxc5 {[%clk 0:04:01]} 20. Nd4 {[%clk 0:06:33]}  Qd5 {[%clk 0:03:35]} 21. Qxd5 {[%clk 0:06:31]}  exd5 {[%clk 0:03:19]} 22. Ne6+ {[%clk 0:06:18]}  Kf7 {[%clk 0:03:04]} 23. Nxf8 {[%clk 0:06:21]}  Nf2 {[%clk 0:03:00]} 24. Nxg6 {[%clk 0:06:17]}  Kxg6 {[%clk 0:02:43]} 25. Nf3 {[%clk 0:05:54]}  Nxh1 {[%clk 0:02:05]} 26. Rxh1 {[%clk 0:05:58]}  Ne4 {[%clk 0:02:01]} 27. Rd1 {[%clk 0:05:26]}  Nf6 {[%clk 0:01:42]} 28. Nd4 {[%clk 0:04:34]}  Re8 {[%clk 0:01:38]} 29. Kc2 {[%clk 0:04:04]}  Re4 {[%clk 0:01:37]} 30. g3 {[%clk 0:03:51]}  Re3 {[%clk 0:01:40]} 31. Rd3 {[%clk 0:03:53]}  Re1 {[%clk 0:01:42]} 32. a3 {[%clk 0:02:15]}  Ne4 {[%clk 0:01:41]} 33. h5+ {[%clk 0:02:11]}  Kxh5 {[%clk 0:01:06]} 34. Nxf5 {[%clk 0:02:15]}  Nf6 {[%clk 0:00:58]} 35. Nd6 {[%clk 0:02:03]}  Kg4 {[%clk 0:00:51]} 36. Nc8 {[%clk 0:02:06]}  Ne4 {[%clk 0:00:41]} 37. Nxa7 {[%clk 0:02:06]}  Nxg3 {[%clk 0:00:31]} 38. Rxd5 {[%clk 0:02:00]}  Kxf4 {[%clk 0:00:34]} 39. Rd6 {[%clk 0:01:59]}  h5 {[%clk 0:00:34]} 40. Rxb6 {[%clk 0:02:01]}  h4 {[%clk 0:00:35]} 41. Rh6 {[%clk 0:02:01]}  Re2+ {[%clk 0:00:33]} 42. Kb3 {[%clk 0:02:02]}  Kg4 {[%clk 0:00:34]} 43. Nc6 {[%clk 0:02:00]}  h3 {[%clk 0:00:35]} 44. Nd4 {[%clk 0:02:03]}  Rf2 {[%clk 0:00:24]} 45. a4 {[%clk 0:01:56]}  h2 {[%clk 0:00:27]} 46. Rg6+ {[%clk 0:01:50]}  Kh5 {[%clk 0:00:25]} 47. Rg8 {[%clk 0:01:29]}  h1=Q {[%clk 0:00:20]} 48. Rh8+ {[%clk 0:01:33]}  Kg6 {[%clk 0:00:20]} 49. Rxh1 {[%clk 0:01:34]}  Nxh1 {[%clk 0:00:24]} 50. a5 {[%clk 0:01:38]}  Rf6 {[%clk 0:00:19]} 51. Kc4 {[%clk 0:01:29]}  Nf2 {[%clk 0:00:18]} 52. b4 {[%clk 0:01:31]}  Ne4 {[%clk 0:00:21]} 53. b5 {[%clk 0:01:32]}  Kf7 {[%clk 0:00:20]} 54. Nc6 {[%clk 0:01:35]}  Nd6+ {[%clk 0:00:22]} 55. Kc5 {[%clk 0:01:11]}  Ke6 {[%clk 0:00:26]} 56. a6 {[%clk 0:01:06]}  Rf5+ {[%clk 0:00:29]} 57. Kb6 {[%clk 0:00:25]}  Rxb5+ {[%clk 0:00:28]} 58. Kc7 {[%clk 0:00:19]}  Ne8+ {[%clk 0:00:22]} 59. Kc8 {[%clk 0:00:22]}  Nd6+ {[%clk 0:00:23]} 60. Kc7 {[%clk 0:00:26]} 1/2-1/2

[Event "Rapid Tournament (RAP)"]
[Site "Biel, CH"]
[Date "2025.07.13"]
[Round "8"]
[White "Thorens, Johan"]
[Black "Wuerth, Thomas"]
[Result "0-1"]
[Board "39"]
[WhiteFideId "1364375"]
[BlackFideId "1305379"]
[WhiteElo "1657"]
[BlackElo "1954"]
[WhiteTeam "SUI"]
[BlackTeam "SUI"]
[WhiteClock "0:06:18"]
[BlackClock "0:04:13"]
[Variant "Standard"]

1. c4 {[%clk 0:15:08]}  Nf6 {[%clk 0:15:09]} 2. Nc3 {[%clk 0:15:10]}  e6 {[%clk 0:15:13]} 3. g3 {[%clk 0:15:11]}  d5 {[%clk 0:15:16]} 4. d4 {[%clk 0:15:12]}  c6 {[%clk 0:15:08]} 5. c5 {[%clk 0:15:12]}  Nbd7 {[%clk 0:15:06]} 6. Bg2 {[%clk 0:15:15]}  e5 {[%clk 0:14:48]} 7. e3 {[%clk 0:14:37]}  b6 {[%clk 0:14:20]} 8. cxb6 {[%clk 0:14:57]}  axb6 {[%clk 0:14:23]} 9. Nge2 {[%clk 0:14:41]}  Be7 {[%clk 0:13:01]} 10. dxe5 {[%clk 0:14:29]}  Nxe5 {[%clk 0:12:57]} 11. O-O {[%clk 0:14:07]}  O-O {[%clk 0:12:53]} 12. b3 {[%clk 0:14:08]}  Bg4 {[%clk 0:11:42]} 13. h3 {[%clk 0:13:29]}  Bf3 {[%clk 0:10:21]} 14. Bxf3 {[%clk 0:13:05]}  Nxf3+ {[%clk 0:10:20]} 15. Kg2 {[%clk 0:13:05]}  Ng5 {[%clk 0:10:19]} 16. f4 {[%clk 0:12:29]}  Nge4 {[%clk 0:09:57]} 17. Bb2 {[%clk 0:12:26]}  Ba3 {[%clk 0:09:01]} 18. Bxa3 {[%clk 0:12:06]}  Rxa3 {[%clk 0:09:03]} 19. Na4 {[%clk 0:12:03]}  b5 {[%clk 0:08:50]} 20. Qc1 {[%clk 0:11:43]}  Qd6 {[%clk 0:08:53]} 21. Nac3 {[%clk 0:11:27]}  Rfa8 {[%clk 0:08:16]} 22. Qc2 {[%clk 0:11:13]}  Qc5 {[%clk 0:07:28]} 23. Qd3 {[%clk 0:10:58]}  Qb6 {[%clk 0:06:56]} 24. Nxe4 {[%clk 0:09:57]}  Nxe4 {[%clk 0:06:59]} 25. Nc3 {[%clk 0:09:58]}  Nxc3 {[%clk 0:06:54]} 26. Qxc3 {[%clk 0:10:02]}  Rxa2+ {[%clk 0:06:55]} 27. Rxa2 {[%clk 0:09:28]}  Rxa2+ {[%clk 0:06:58]} 28. Kh1 {[%clk 0:09:28]}  Re2 {[%clk 0:06:42]} 29. Rf3 {[%clk 0:08:30]}  Qa7 {[%clk 0:04:54]} 30. Qe5 {[%clk 0:07:49]}  h6 {[%clk 0:04:37]} 31. Qc3 {[%clk 0:06:51]}  Qa2 {[%clk 0:04:25]} 32. g4 {[%clk 0:06:15]}  Qb1+ {[%clk 0:04:15]} 33. Rf1 {[%clk 0:06:18]}  Qxf1# {[%clk 0:04:13]} 0-1

[Event "Rapid Tournament (RAP)"]
[Site "Biel, CH"]
[Date "2025.07.13"]
[Round "8"]
[White "Wilhelm, Serge"]
[Black "Moesching, Colin"]
[Result "1-0"]
[Board "40"]
[WhiteFideId "1305808"]
[BlackFideId "1345036"]
[WhiteElo "1947"]
[BlackElo "1751"]
[WhiteTeam "SUI"]
[BlackTeam "SUI"]
[WhiteClock "0:03:27"]
[BlackClock "0:00:26"]
[Variant "Standard"]

1. d4 {[%clk 0:15:08]}  Nf6 {[%clk 0:15:06]} 2. Bg5 {[%clk 0:15:12]}  d5 {[%clk 0:15:09]} 3. Bxf6 {[%clk 0:15:14]}  exf6 {[%clk 0:15:12]} 4. e3 {[%clk 0:15:15]}  Bd6 {[%clk 0:15:05]} 5. g3 {[%clk 0:15:15]}  c6 {[%clk 0:14:48]} 6. Bg2 {[%clk 0:15:18]}  f5 {[%clk 0:14:43]} 7. Ne2 {[%clk 0:15:20]}  Nd7 {[%clk 0:14:45]} 8. Nd2 {[%clk 0:15:23]}  Nf6 {[%clk 0:14:34]} 9. O-O {[%clk 0:15:25]}  O-O {[%clk 0:14:36]} 10. c4 {[%clk 0:15:27]}  h5 {[%clk 0:13:46]} 11. h4 {[%clk 0:15:25]}  g5 {[%clk 0:13:21]} 12. hxg5 {[%clk 0:15:14]}  Ng4 {[%clk 0:13:23]} 13. cxd5 {[%clk 0:14:20]}  cxd5 {[%clk 0:12:02]} 14. Nf3 {[%clk 0:14:01]}  Be6 {[%clk 0:11:30]} 15. Nf4 {[%clk 0:13:43]}  Qe7 {[%clk 0:10:00]} 16. Qe2 {[%clk 0:12:20]}  Rac8 {[%clk 0:09:26]} 17. Rfc1 {[%clk 0:12:19]}  f6 {[%clk 0:08:05]} 18. Ng6 {[%clk 0:11:56]}  Qf7 {[%clk 0:07:44]} 19. Nxf8 {[%clk 0:11:58]}  Rxf8 {[%clk 0:07:48]} 20. gxf6 {[%clk 0:10:17]}  Qxf6 {[%clk 0:07:15]} 21. Rc3 {[%clk 0:09:48]}  Kh7 {[%clk 0:06:18]} 22. Rac1 {[%clk 0:09:42]}  Rg8 {[%clk 0:05:57]} 23. Qb5 {[%clk 0:08:27]}  Kh6 {[%clk 0:03:35]} 24. Kf1 {[%clk 0:06:50]}  Nxf2 {[%clk 0:03:33]} 25. Kxf2 {[%clk 0:06:32]}  Qg6 {[%clk 0:03:22]} 26. Rg1 {[%clk 0:05:18]}  Qxg3+ {[%clk 0:02:23]} 27. Ke2 {[%clk 0:05:19]}  f4 {[%clk 0:01:17]} 28. Bf1 {[%clk 0:05:01]}  Qxf3+ {[%clk 0:01:09]} 29. Kxf3 {[%clk 0:05:04]}  Rxg1 {[%clk 0:01:13]} 30. Kf2 {[%clk 0:04:59]}  Rg4 {[%clk 0:01:12]} 31. exf4 {[%clk 0:04:30]}  Bxf4 {[%clk 0:00:26]} 32. Qe8 {[%clk 0:03:27]} 1-0

[Event "Rapid Tournament (RAP)"]
[Site "Biel, CH"]
[Date "2025.07.13"]
[Round "8"]
[White "Fortier, Nicolas"]
[Black "Ernst, Rolf"]
[Result "0-1"]
[Board "41"]
[WhiteFideId "1308750"]
[BlackFideId "4611101"]
[BlackTitle "FM"]
[WhiteElo "1816"]
[BlackElo "1941"]
[WhiteTeam "SUI"]
[BlackTeam "SUI"]
[WhiteClock "0:06:35"]
[BlackClock "0:08:16"]
[Variant "Standard"]

1. e4 {[%clk 0:15:07]}  e6 {[%clk 0:15:09]} 2. d4 {[%clk 0:15:10]}  d5 {[%clk 0:15:13]} 3. e5 {[%clk 0:15:12]}  c5 {[%clk 0:15:16]} 4. c3 {[%clk 0:15:15]}  Nd7 {[%clk 0:15:19]} 5. Nf3 {[%clk 0:15:12]}  Ne7 {[%clk 0:15:14]} 6. Bd3 {[%clk 0:15:01]}  a5 {[%clk 0:15:14]} 7. O-O {[%clk 0:14:28]}  a4 {[%clk 0:15:17]} 8. Na3 {[%clk 0:13:58]}  Nc6 {[%clk 0:14:06]} 9. Bg5 {[%clk 0:13:02]}  Qb6 {[%clk 0:14:01]} 10. Bb5 {[%clk 0:12:35]}  cxd4 {[%clk 0:13:22]} 11. cxd4 {[%clk 0:12:34]}  Bxa3 {[%clk 0:12:37]} 12. Bxc6 {[%clk 0:12:33]}  Bxb2 {[%clk 0:12:23]} 13. Bxd7+ {[%clk 0:12:34]}  Bxd7 {[%clk 0:12:24]} 14. Rb1 {[%clk 0:12:28]}  a3 {[%clk 0:12:28]} 15. Bc1 {[%clk 0:11:24]}  Ra4 {[%clk 0:11:11]} 16. Qc2 {[%clk 0:10:41]}  Rc4 {[%clk 0:11:01]} 17. Qd2 {[%clk 0:10:07]}  Rb4 {[%clk 0:10:28]} 18. Bxb2 {[%clk 0:09:37]}  axb2 {[%clk 0:10:37]} 19. Qc3 {[%clk 0:09:05]}  O-O {[%clk 0:10:23]} 20. a3 {[%clk 0:08:26]}  Rb3 {[%clk 0:10:26]} 21. Qd2 {[%clk 0:07:46]}  Ra8 {[%clk 0:09:02]} 22. h4 {[%clk 0:07:13]}  Bb5 {[%clk 0:08:47]} 23. Rfe1 {[%clk 0:06:31]}  Bd3 {[%clk 0:08:38]} 24. Rxb2 {[%clk 0:06:32]}  Rxb2 {[%clk 0:08:40]} 25. Qxd3 {[%clk 0:06:35]}  h6 {[%clk 0:08:16]} 0-1

[Event "Rapid Tournament (RAP)"]
[Site "Biel, CH"]
[Date "2025.07.13"]
[Round "8"]
[White "Tereshchenko, Eva"]
[Black "Kubanyi, Robert"]
[Result "1-0"]
[Board "42"]
[WhiteFideId "34389903"]
[BlackFideId "23746866"]
[WhiteElo "1892"]
[BlackElo "1711"]
[WhiteTeam "FID"]
[BlackTeam "CZE"]
[WhiteClock "0:01:26"]
[BlackClock "0:06:50"]
[Variant "Standard"]

1. e4 {[%clk 0:15:09]}  c5 {[%clk 0:15:09]} 2. Nf3 {[%clk 0:15:13]}  d6 {[%clk 0:15:13]} 3. c3 {[%clk 0:15:16]}  g6 {[%clk 0:15:15]} 4. h3 {[%clk 0:15:20]}  Bg7 {[%clk 0:15:19]} 5. Bd3 {[%clk 0:15:24]}  Nf6 {[%clk 0:15:21]} 6. O-O {[%clk 0:15:27]}  O-O {[%clk 0:15:24]} 7. Bc2 {[%clk 0:15:30]}  b6 {[%clk 0:15:20]} 8. d4 {[%clk 0:15:32]}  Nbd7 {[%clk 0:15:31]} 9. Nbd2 {[%clk 0:15:34]}  Bb7 {[%clk 0:15:34]} 10. Re1 {[%clk 0:15:33]}  Qc7 {[%clk 0:15:37]} 11. Nf1 {[%clk 0:15:36]}  Rac8 {[%clk 0:15:40]} 12. d5 {[%clk 0:15:02]}  b5 {[%clk 0:15:19]} 13. Bf4 {[%clk 0:14:55]}  b4 {[%clk 0:15:01]} 14. c4 {[%clk 0:14:34]}  Nh5 {[%clk 0:14:58]} 15. Bc1 {[%clk 0:14:04]}  a5 {[%clk 0:14:43]} 16. Rb1 {[%clk 0:13:51]}  Nb6 {[%clk 0:14:38]} 17. b3 {[%clk 0:13:32]}  a4 {[%clk 0:14:03]} 18. Bb2 {[%clk 0:11:11]}  Ra8 {[%clk 0:13:11]} 19. Bxg7 {[%clk 0:11:02]}  Kxg7 {[%clk 0:13:14]} 20. Qd2 {[%clk 0:08:55]}  axb3 {[%clk 0:12:57]} 21. Bxb3 {[%clk 0:08:44]}  Ba6 {[%clk 0:12:51]} 22. Ne3 {[%clk 0:08:25]}  Nf6 {[%clk 0:12:44]} 23. Qb2 {[%clk 0:08:10]}  Kg8 {[%clk 0:12:48]} 24. e5 {[%clk 0:07:53]}  dxe5 {[%clk 0:12:39]} 25. Nxe5 {[%clk 0:07:49]}  Ne4 {[%clk 0:12:25]} 26. Nc6 {[%clk 0:05:36]}  Nc3 {[%clk 0:12:32]} 27. Ng4 {[%clk 0:04:28]}  Nxc4 {[%clk 0:10:08]} 28. Bxc4 {[%clk 0:02:54]}  Bxc4 {[%clk 0:10:10]} 29. Nxe7+ {[%clk 0:02:49]}  Kg7 {[%clk 0:10:05]} 30. Qd2 {[%clk 0:02:41]}  Kh8 {[%clk 0:09:27]} 31. Qh6 {[%clk 0:02:06]}  f5 {[%clk 0:07:31]} 32. Nxg6+ {[%clk 0:02:00]}  Kg8 {[%clk 0:07:35]} 33. Re7 {[%clk 0:01:44]}  Ne2+ {[%clk 0:07:33]} 34. Kh1 {[%clk 0:01:34]}  Qxe7 {[%clk 0:07:17]} 35. Nxe7+ {[%clk 0:01:38]}  Kf7 {[%clk 0:07:15]} 36. Ne5+ {[%clk 0:01:23]}  Ke8 {[%clk 0:07:02]} 37. Qc6+ {[%clk 0:01:22]}  Kd8 {[%clk 0:06:50]} 38. Qd7# {[%clk 0:01:26]} 1-0

[Event "Rapid Tournament (RAP)"]
[Site "Biel, CH"]
[Date "2025.07.13"]
[Round "8"]
[White "Nihal Saheer"]
[Black "Buerki, Gilles"]
[Result "1-0"]
[Board "43"]
[WhiteFideId "531012086"]
[BlackFideId "1313541"]
[WhiteElo "1615"]
[BlackElo "1879"]
[WhiteTeam "IND"]
[BlackTeam "SUI"]
[WhiteClock "0:03:44"]
[BlackClock "0:00:06"]
[Variant "Standard"]

1. e4 {[%clk 0:15:08]}  c6 {[%clk 0:15:09]} 2. d4 {[%clk 0:15:12]}  d5 {[%clk 0:15:12]} 3. Nc3 {[%clk 0:15:15]}  dxe4 {[%clk 0:15:15]} 4. Nxe4 {[%clk 0:15:18]}  Bf5 {[%clk 0:15:14]} 5. Ng5 {[%clk 0:14:50]}  Nf6 {[%clk 0:13:44]} 6. N1f3 {[%clk 0:14:54]}  h6 {[%clk 0:13:05]} 7. Nxf7 {[%clk 0:14:55]}  Kxf7 {[%clk 0:12:27]} 8. Bc4+ {[%clk 0:14:59]}  Ke8 {[%clk 0:09:55]} 9. Ne5 {[%clk 0:14:39]}  Nd5 {[%clk 0:07:22]} 10. Qh5+ {[%clk 0:12:50]}  g6 {[%clk 0:08:37]} 11. Nxg6 {[%clk 0:12:53]}  Bxg6 {[%clk 0:08:14]} 12. Qxg6+ {[%clk 0:12:56]}  Kd7 {[%clk 0:07:51]} 13. O-O {[%clk 0:11:29]}  e6 {[%clk 0:07:01]} 14. Re1 {[%clk 0:10:39]}  Qf6 {[%clk 0:04:29]} 15. Qxf6 {[%clk 0:10:31]}  Nxf6 {[%clk 0:04:32]} 16. Bxe6+ {[%clk 0:10:35]}  Kc7 {[%clk 0:03:36]} 17. Bf5 {[%clk 0:09:42]}  Nbd7 {[%clk 0:03:24]} 18. Bf4+ {[%clk 0:09:38]}  Bd6 {[%clk 0:03:19]} 19. Bxd6+ {[%clk 0:09:21]}  Kxd6 {[%clk 0:03:19]} 20. c4 {[%clk 0:08:55]}  Rae8 {[%clk 0:03:10]} 21. Kf1 {[%clk 0:08:29]}  Rxe1+ {[%clk 0:03:10]} 22. Rxe1 {[%clk 0:08:33]}  Re8 {[%clk 0:03:09]} 23. Rxe8 {[%clk 0:08:16]}  Nxe8 {[%clk 0:03:12]} 24. Ke2 {[%clk 0:07:52]}  Nef6 {[%clk 0:03:05]} 25. f4 {[%clk 0:07:40]}  b5 {[%clk 0:02:56]} 26. b3 {[%clk 0:07:06]}  bxc4 {[%clk 0:02:54]} 27. bxc4 {[%clk 0:07:09]}  c5 {[%clk 0:02:02]} 28. d5 {[%clk 0:06:40]}  Nb6 {[%clk 0:02:05]} 29. Kd3 {[%clk 0:06:37]}  Nh5 {[%clk 0:02:02]} 30. g3 {[%clk 0:06:19]}  Ng7 {[%clk 0:02:06]} 31. Bg6 {[%clk 0:06:17]}  Ke7 {[%clk 0:01:29]} 32. h4 {[%clk 0:05:36]}  Kf6 {[%clk 0:01:59]} 33. h5 {[%clk 0:04:57]}  Ke7 {[%clk 0:01:39]} 34. g4 {[%clk 0:04:54]}  Kf6 {[%clk 0:01:21]} 35. d6 {[%clk 0:03:51]}  Ke6 {[%clk 0:01:16]} 36. g5 {[%clk 0:03:47]}  hxg5 {[%clk 0:00:56]} 37. fxg5 {[%clk 0:03:51]}  Nd7 {[%clk 0:00:43]} 38. h6 {[%clk 0:03:35]}  Ne5+ {[%clk 0:00:24]} 39. Ke4 {[%clk 0:03:39]}  Nxg6 {[%clk 0:00:14]} 40. hxg7 {[%clk 0:03:42]}  Kf7 {[%clk 0:00:06]} 41. d7 {[%clk 0:03:44]}  Ne7 {[%clk 0:00:06]} 1-0